000 00411nam a2200145Ia 4500
008 090124s9999 xx 000 0 und d
082 _b300145
245 _a कालिका मुर्ति
250 _a5
260 _bदातार गो. ना.
_c1969
300 _a564
630 _a कालिका मुर्ति
730 _a कालिका मुर्ति
942 _cBOOK
999 _c189701
_d189701